Statistics for Capital Cities Breakdown Puzzle #5

Click here to take the quiz!

General Stats

  • This quiz has been taken 764 times
  • The average score is 17 of 30

Answer Stats

HintAnswer% Correct
Brit. flag, _____ JackUNION
88%
HairlessBALD
87%
Cul-de-___SAC
85%
Head pain, eg.ACHE
83%
AridDRY
83%
Ignited a cigaretteLIT
81%
Rowing paddleOAR
80%
Pretty Woman's RichardGERE
75%
Enjoy, be fond ofLIKE
75%
Ghostly greetingBOO
72%
Get up out of bedRISE
70%
Seek damagesSUE
68%
Schoolyard gameTAG
60%
Sacred Egyptian birdIBIS
57%
Part of the legSHIN
55%
Pop, as a balloonBURST
54%
Parts of an operaACTS
51%
BOGOTA
51%
Higher in rank; olderSENIOR
46%
ASUNCION
43%
BUCHAREST
43%
TBILISI
41%
HELSINKI
40%
Sushi tunaAHI
39%
Mistreat, exploitABUSE
38%
RIYADH
37%
BELGRADE
34%
ROSEAU
30%
CASTRIES
17%
BUENOS AIRES
16%

Score Distribution

Percentile by Number Answered

Percent of People with Each Score

Your Score History

You have not taken this quiz